| 000 | 01387cam a2200385 a 4500 | ||
|---|---|---|---|
| 001 | 16330972 | ||
| 005 | 20170105102921.0 | ||
| 008 | 100713s2010 enkb b 001 0 eng | ||
| 010 | _a 2010293361 | ||
| 015 |
_aGBA9C5216 _2bnb |
||
| 016 | 7 |
_a015448235 _2Uk |
|
| 020 | _a9780745327105 (hbk.) | ||
| 020 | _a0745327109 (hbk.) | ||
| 020 | _a0745327095 (pbk.) | ||
| 020 | _a9780745327099 | ||
| 035 | _a(OCoLC)ocn456171880 | ||
| 040 |
_aUKM _cUKM _dBTCTA _dYDXCP _dBWK _dCDX _dBWX _dDLC |
||
| 042 |
_aukblcatcopy _alccopycat |
||
| 043 |
_aaw----- _an-us--- |
||
| 050 | 0 | 0 |
_aJZ1480 _b.H374 2010 |
| 082 | 0 | 4 |
_a327.73056 _222 |
| 100 | 1 | _aHarms, Gregory. | |
| 245 | 1 | 0 |
_aStraight power concepts in the Middle East : _bUS foreign policy, Israel and world history / _cGregory Harms. |
| 260 |
_aLondon : _bPluto Press, _c2010. |
||
| 300 |
_axiv, 226 p. : _bmaps ; _c22 cm. |
||
| 504 | _aIncludes bibliographical (p. [209]-215) references and index. | ||
| 651 | 0 |
_aUnited States _xForeign relations _zMiddle East. |
|
| 651 | 0 |
_aUnited States _xForeign relations _zIsrael. |
|
| 651 | 0 |
_aMiddle East _xForeign relations _zUnited States. |
|
| 651 | 0 |
_aIsrael _xForeign relations _zUnited States. |
|
| 651 | 0 |
_aUnited States _xPolitics and government. |
|
| 906 |
_a7 _bcbc _ccopycat _d2 _encip _f20 _gy-gencatlg |
||
| 942 |
_2ddc _cBK |
||
| 999 |
_c15593 _d15593 |
||